[Event "GER-chT North U12"]
[Site "Magdeburg"]
[Date "2012.09.09"]
[Round "7.4"]
[White "Francois, Sophie"]
[Black "Fakhouri, Amir"]
[Result "0-1"]
[WhiteElo "794"]
[BlackElo "881"]
[PlyCount "94"]
[EventDate "2012.09.06"]
[EventType "team-swiss"]
[EventRounds "7"]
[EventCountry "GER"]
[SourceTitle "EXT 2015"]
[Source "ChessBase"]
[SourceDate "2014.11.20"]
[SourceVersion "1"]
[SourceVersionDate "2014.11.20"]
[SourceQuality "1"]
[WhiteTeam "Spandau Zitadelle"]
[BlackTeam "Rostock"]
[WhiteTeamCountry "GER"]
[BlackTeamCountry "GER"]

1. d4 d5 2. c4 e6 3. Nc3 Nf6 4. cxd5 exd5 5. Bg5 Be7 6. e3 Bf5 7. Bb5+ Nc6 8. Nge2 0-0 9. 0-0 Ne4 10. Nxe4 Bxe4 11. Bxe7 Qxe7 12. f3 Bf5 13. Nf4 Qxe3+ 14. Kh1 Qxf4 15. g3 Qd6 16. Ba4 Qb4 17. Bb3 Rad8 18. a3 Qxd4 19. Qxd4 Nxd4 20. Bd1 Bh3 21. Re1 Rde8 22. Rxe8 Rxe8 23. Ba4 c6 24. Kg1 Re2 25. Rf1 Bxf1 26. Kxf1 Rxb2 27. h4 Nxf3 28. h5 d4 29. g4 d3 30. g5 Nxg5 31. Kg1 b5 32. Bd1 Rb1 33. Kf2 Rxd1 34. Kg3 Re1 35. Kf4 d2 36. Kxg5 d1Q 37. Kf4 Rf1+ 38. Ke3 Qe1+ 39. Kd4 Rf2 40. Kc5 Rd2 41. Kxc6 Qc1+ 42. Kxb5 Rb2+ 43. Ka4 Qc4+ 44. Ka5 Rb5+ 45. Ka6 Qc6+ 46. Kxa7 Rb7+ 47. Ka8 Qc8# 0-1

[Event "GER-chT North U12"]
[Site "Magdeburg"]
[Date "2012.09.08"]
[Round "6.4"]
[White "Francois, Sophie"]
[Black "Schumacher, Ole"]
[Result "0-1"]
[WhiteElo "794"]
[BlackElo "800"]
[PlyCount "138"]
[EventDate "2012.09.06"]
[EventType "team-swiss"]
[EventRounds "7"]
[EventCountry "GER"]
[SourceTitle "EXT 2015"]
[Source "ChessBase"]
[SourceDate "2014.11.20"]
[SourceVersion "1"]
[SourceVersionDate "2014.11.20"]
[SourceQuality "1"]
[WhiteTeam "Spandau Zitadelle"]
[BlackTeam "Schwerin"]
[WhiteTeamCountry "GER"]
[BlackTeamCountry "GER"]

1. d4 d5 2. c4 e6 3. Nc3 Nf6 4. cxd5 Nxd5 5. Nxd5 Qxd5 6. e3 c5 7. Nf3 Be7 8. Bb5+ Nc6 9. Bxc6+ Qxc6 10. 0-0 0-0 11. Ne5 Qd5 12. Qd3 Rd8 13. Nf3 b6 14. e4 Qd6 15. e5 Qd5 16. h4 h6 17. Be3 Bb7 18. Rfd1 Qe4 19. Qxe4 Bxe4 20. Rdc1 Rac8 21. dxc5 bxc5 22. Rc4 Bxf3 23. gxf3 Rd5 24. f4 Bxh4 25. a3 a5 26. b4 axb4 27. axb4 Be7 28. Kg2 Kf8 29. Kf3 Ke8 30. Ra7 Rd7 31. Rxd7 Kxd7 32. bxc5 Kc6 33. Rc2 Rb8 34. Rc3 Rb5 35. Ke4 Bxc5 36. f5 Kb6 37. fxe6 fxe6 38. f4 Bxe3 39. Rxe3 Rb4+ 40. Kf3 Kc7 41. Rc3+ Kd7 42. Rd3+ Ke7 43. Rd6 g5 44. fxg5 hxg5 45. Rd2 Rf4+ 46. Kg3 Kf7 47. Rd7+ Kg6 48. Rd6 Kf5 49. Rd3 Kxe5 50. Re3+ Re4 51. Rxe4+ Kxe4 52. Kg4 Kd3 53. Kxg5 e5 54. Kg4 e4 55. Kg3 Kd2 56. Kf4 e3 57. Kf3 e2 58. Kf2 e1Q+ 59. Kf3 Qe3+ 60. Kg4 Qf2 61. Kg5 Qf3 62. Kg6 Qf4 63. Kg7 Qf5 64. Kh6 Qg4 65. Kh7 Ke3 66. Kh8 Kf4 67. Kh7 Kf5 68. Kh8 Kf6 69. Kh7 Qg7# 0-1

[Event "GER-chT North U12"]
[Site "Magdeburg"]
[Date "2012.09.07"]
[Round "4.4"]
[White "Francois, Sophie"]
[Black "Tran, Duc Anh"]
[Result "0-1"]
[WhiteElo "794"]
[BlackElo "961"]
[PlyCount "114"]
[EventDate "2012.09.06"]
[EventType "team-swiss"]
[EventRounds "7"]
[EventCountry "GER"]
[SourceTitle "EXT 2015"]
[Source "ChessBase"]
[SourceDate "2014.11.20"]
[SourceVersion "1"]
[SourceVersionDate "2014.11.20"]
[SourceQuality "1"]
[WhiteTeam "Spandau Zitadelle"]
[BlackTeam "Potsdam"]
[WhiteTeamCountry "GER"]
[BlackTeamCountry "GER"]

1. d4 d6 2. Nc3 Nc6 3. Nf3 Bg4 4. e4 e5 5. Bg5 Bxf3 6. Qxf3 Qxg5 7. Bc4 Nf6 8. h4 Qf4 9. Ne2 Qxf3 10. gxf3 Nb4 11. Bb3 exd4 12. Nxd4 Be7 13. Nb5 0-0 14. Nxc7 Rac8 15. Nb5 Nxc2+ 16. Bxc2 Rxc2 17. Nd4 Rxb2 18. Nf5 Re8 19. Rg1 Nh5 20. Rc1 g6 21. Nxe7+ Rxe7 22. Kf1 Nf4 23. Rg4 Nd3 24. Rc8+ Kg7 25. h5 d5 26. f4 Kh6 27. hxg6 fxg6 28. f5 Rxf2+ 29. Kg1 gxf5 30. Rh4+ Kg5 31. Rh3 Rd2 32. Rg8+ Kf6 33. Rf8+ Rf7 34. Rh6+ Kg7 35. Rxf7+ Kxf7 36. Rxh7+ Kf6 37. exd5 Nf4 38. Rd7 Rxd5 39. Rxb7 Ra5 40. Rb4 Nh3+ 41. Kg2 Ng5 42. Kg3 Rxa2 43. Kf4 Ne6+ 44. Kg3 Ra3+ 45. Kh4 Re3 46. Ra4 Re4+ 47. Rxe4 fxe4 48. Kg4 a5 49. Kg3 a4 50. Kf2 a3 51. Ke3 Kf5 52. Kf2 Kf4 53. Kg2 a2 54. Kf2 a1Q 55. Ke2 Qd4 56. Ke1 Kf3 57. Kf1 Qd1# 0-1

[Event "GER-chT North U12"]
[Site "Magdeburg"]
[Date "2012.09.07"]
[Round "3.4"]
[White "Wagner, Tobias"]
[Black "Francois, Sophie"]
[Result "1-0"]
[WhiteElo "1251"]
[BlackElo "794"]
[PlyCount "120"]
[EventDate "2012.09.06"]
[EventType "team-swiss"]
[EventRounds "7"]
[EventCountry "GER"]
[SourceTitle "EXT 2015"]
[Source "ChessBase"]
[SourceDate "2014.11.20"]
[SourceVersion "1"]
[SourceVersionDate "2014.11.20"]
[SourceQuality "1"]
[WhiteTeam "Magdeburg Aufbau Elbe"]
[BlackTeam "Spandau Zitadelle"]
[WhiteTeamCountry "GER"]
[BlackTeamCountry "GER"]

1. e4 e5 2. Nf3 Nc6 3. Bc4 Bc5 4. c3 d6 5. d4 Bb6 6. dxe5 dxe5 7. Qxd8+ Nxd8 8. Nxe5 f6 9. Nf3 Nc6 10. 0-0 Nh6 11. Bf4 g5 12. Bg3 g4 13. Nfd2 f5 14. Bf4 Nf7 15. Re1 Ne7 16. exf5 Bxf5 17. Na3 c6 18. Bxf7+ Kxf7 19. Bg5 Ng6 20. Nac4 Bc7 21. Ne4 Rad8 22. Bxd8 Rxd8 23. Rad1 Rf8 24. Ncd6+ Kg7 25. Nxf5+ Rxf5 26. Rd7+ Kh6 27. Rxc7 Rb5 28. Re2 Rd5 29. Rxh7+ Kxh7 30. Nf6+ Kh6 31. Nxd5 cxd5 32. g3 Kg5 33. Re8 Kf6 34. Rb8 b6 35. Rb7 Ke5 36. Kf1 Ke4 37. Ke2 Ne5 38. Rxa7 Nc4 39. Ra4 b5 40. Rb4 d4 41. cxd4 Kxd4 42. b3 Kc3 43. bxc4 bxc4 44. Rb8 Kd4 45. Rc8 Kd5 46. Ke3 Ke5 47. Rxc4 Kf5 48. Rc5+ Ke6 49. Ke4 Kd6 50. Rh5 Kc6 51. Kd4 Kb6 52. Kc4 Kc6 53. Rh6+ Kd7 54. Kc5 Ke7 55. Kd5 Kf7 56. Ke5 Kg7 57. Ra6 Kh7 58. Kf5 Kg7 59. Rb6 Kf7 60. Rb7+ Ke8 1-0

[Event "GER-chT North U12"]
[Site "Magdeburg"]
[Date "2012.09.06"]
[Round "2.4"]
[White "Keyser, Philipp"]
[Black "Francois, Sophie"]
[Result "0-1"]
[WhiteElo "877"]
[BlackElo "794"]
[PlyCount "90"]
[EventDate "2012.09.06"]
[EventType "team-swiss"]
[EventRounds "7"]
[EventCountry "GER"]
[SourceTitle "EXT 2015"]
[Source "ChessBase"]
[SourceDate "2014.11.20"]
[SourceVersion "1"]
[SourceVersionDate "2014.11.20"]
[SourceQuality "1"]
[WhiteTeam "Hamburg Eppendorf"]
[BlackTeam "Spandau Zitadelle"]
[WhiteTeamCountry "GER"]
[BlackTeamCountry "GER"]

1. e4 c5 2. Nc3 d6 3. f4 Nf6 4. Nf3 Nbd7 5. d3 e6 6. g3 Be7 7. Bg2 0-0 8. 0-0 a6 9. Be3 b5 10. a3 Bb7 11. Qd2 Qc7 12. Rab1 Rfe8 13. Qf2 Bc6 14. Rfe1 a5 15. Na2 b4 16. axb4 axb4 17. Nc1 c4 18. d4 Bxe4 19. Re2 b3 20. Ne1 Ng4 21. Qf1 Nxe3 22. Rxe3 bxc2 23. Bxe4 cxb1Q 24. Bxb1 Ra1 25. Bxh7+ Kxh7 26. Ne2 Qa5 27. Qh3+ Kg8 28. Nc3 Qb6 29. Ne2 Qxb2 30. Kf2 Ra2 31. Nf3 c3 32. Ng5 Bxg5 33. fxg5 c2 34. Kf3 Ra3 35. g6 Rxe3+ 36. Kxe3 fxg6 37. Qf1 e5 38. d5 Nf6 39. h4 Ng4+ 40. Kd2 e4 41. Qf4 e3+ 42. Ke1 Nh2 43. Qc4 Qb1+ 44. Nc1 Qxc1+ 45. Ke2 Qd2# 0-1